000 01130nam a2200289 a 4500
001 BRCA_5359
005 20190320205039.0
008 081210s1840----sp-#######---#000-0#lat-#
041 _aspa
044 _asp
084 _aDOC2
_b.M39
_c1840
_pD1995
100 1 _aMaza, Thomas de
_913723
245 1 0 _aDocumento español siglo XIX
_cThomas de Maza ; Antonio Martin Villa
260 _aEspaña
_c1840
300 _a[1] foja
_c30 x 42 cm.
500 _aDocumento firmado el 12 de junio de 1840.
500 _aDocumento en el cual la Academia Literaria de Sevilla le otorga el grado de Licenciado a Don Thomas de la Maza.
500 _aContiene sello de placa en la esquina inferior izquierda.
500 _aEstado de conservación: contiene manchas de acidez y rotura al centro de la foja.
500 _aDonación del Sr. Gonzalo Tassier el 10 de agosto de 1995.
506 0 _aFondo Reservado. Para su consulta es necesario credencial de usuario y carta de motivos.
546 _aTexto en: latín
600 1 4 _aMaza, Thomas de la
_913724
700 1 _aMartín Villa, Antonio
_913725
902 _aDDH
942 _2lcc
_cD
999 _c5053
_d5053